000 02021nam a2200421 c 4500
100 _aДушков, Живодар Иванов
_eпърви автор
_9368890
999 _c3062
_d3062
003 BLK
005 20230804005142.0
008 180412b bul|||||r ||||||| ||bul||
010 _aKNG00004110000
020 _a954-9548-67-8
040 _aBLK
041 _aBUL
_cBUL
080 _aПолитически партии и движения
_b329
_x(497.2)БКП(091)(092)
_z329(497.2)БКП(091)(092)
080 _aМихайлов, Георги Димитров. Български политик, ръководител на БКП и генерален секретар на Коминтерна, министър-председател
_b929 Димитров, Георги
_z929 Димитров, Георги
139 _aДушков, Живодар Иванов
_bД 58
245 1 0 _aМоят Георги Димитров
_bСборник
_cЖиводар Иванов Душков.
257 _aBGR
260 _bАвангард принт
_c2004
300 _a160 с.
_bс факс., ил.
_c19 см
380 _a3
500 _aИзд. на Междунар. фонд. Георги Димитров. Клон Русе. - Съдържа и Спецификация на публикациите ; Изследвания и статии на автора, отнасящи се до Г. Димитров. - Офс. изд. - Именен показалец, Геогр. показалец.
600 1 4 _aДимитров, Георги
_9246718
650 4 _aБКП - дейци
_9242529
650 4 _aПолитици, български
_9242530
653 _aБКП
653 _aдейци
653 _aГеорги Димитров
659 _aК
852 _aЦб 220035
852 _aК 329(092)/Д 58 Г
856 4 _qpdf
_u
856 4 _qpdf
_u
942 _cKNG
_n0
_01
_s1
944 _aCR
_c18.06.2004
_k
_lCRON CRON
944 _aED
_c30.05.2014
999 _d3062